000 01035cam a2200277 4500
008 #DATE n2003 000 0 eng u
020 _aJ122987
035 _a(Sirsi) u122987
041 _aeng
050 _a333.0062
_c18
110 _aRoyal Institution of Chartered Surveyors
_94900
245 _aConsumer protection
_bhow RICS protects consumers
260 _aLondon
_bRICS
_c2003
520 _aThese pages on the RICS website, aimed at the general public, explain how to identify a chartered or technical surveyor, what to expect from them, and how to complain.
650 _aRICS BYE-LAWS
650 _aCHARTERED SURVEYORS RULE BOOK
650 _aABOUT RICS-RICS MEMBERS
650 _aRICS MEMBERS' ACCOUNTS RULES
650 _aPROFESSIONAL CONDUCT
650 _aPROFESSIONAL INDEMNITY INSURANCE
650 _aPROFESSIONAL PRACTICE
650 _aRICS RULES OF CONDUCT
690 _aMANAGEMENT-BUSINESS MANAGEMENT-PROFESSIONAL PRACTICE
710 _aRoyal Institution of Chartered Surveyors
_94900
942 _n0
999 _c102971
_d102971